000 00603nam a2200181 i 4500
001 70426
003 ES-MaACL
005 20250817062550.0
007 t|
008 040723s1980 sp ||||1| spa d
100 1 _aGarcía Sevilla, Jesús A.
_955298
245 1 0 _aReceptores opiáceos, endorfinas y regulación de la síntesis de monoaminas en el sistema nervioso central /
_cJesús A. García Sevilla.
260 _aMadrid :
_bFundación Juan March,
_c[1980]
300 _a55 p. ;
_c21 cm.
710 2 _aFundación Juan March
_94346
852 _aES-MaACL
_jL-223
_bR.100951
999 _c70426
_d70426